[Event "Stay Safe Play From Home 274"]
[Site "Emanuel Lasker Arena"]
[Date "2020.07.03"]
[Round "1"]
[White "NeatFox"]
[Black "Lamborghini"]
[Result "0-1"]
[WhiteElo "1947"]
[BlackElo "2263"]
[PlyCount "72"]
[EventDate "2020.07.03"]
[EventType "swiss (blitz)"]

1. g4 {[%emt 0:00:01]} e5 {[%emt 0:00:04]} 2. Bg2 {[%emt 0:00:00]} d5 {[%emt 0:00:01]} 3. c4 {[%emt 0:00:00]} dxc4 {[%emt 0:00:01]} 4. Qa4+ {[%emt 0:00:02]} c6 {[%emt 0:00:01]} 5. Qxc4 {[%emt 0:00:02]} Be6 {[%emt 0:00:01]} 6. Qc2 {[%emt 0:00:02]} Bxg4 {[%emt 0:00:02]} 7. Qb3 {[%emt 0:00:00]} Bc8 {[%emt 0:00:02]} 8. Nc3 {[%emt 0:00:01]} Qb6 {[%emt 0:00:01]} 9. Qxb6 {[%emt 0:00:01]} axb6 {[%emt 0:00:01]} 10. d3 {[%emt 0:00:01]} b5 {[%emt 0:00:01]} 11. a3 {[%emt 0:00:01]} f6 {[%emt 0:00:01]} 12. Be3 {[%emt 0:00:01]} Nd7 {[%emt 0:00:01]} 13. Rc1 {[%emt 0:00:01]} Ne7 {[%emt 0:00:01]} 14. Nf3 {[%emt 0:00:01]} Nf5 {[%emt 0:00:01]} 15. Bd2 {[%emt 0:00:01]} Be7 {[%emt 0:00:01]} 16. Ne4 {[%emt 0:00:02]} O-O {[%emt 0:00:03]} 17. Rg1 {[%emt 0:00:00]} Nb6 {[%emt 0:00:01]} 18. Nc3 {[%emt 0:00:05]} Be6 {[%emt 0:00:02]} 19. e4 {[%emt 0:00:01]} Nd4 {[%emt 0:00:02]} 20. Bh6 {[%emt 0:00:01]} gxh6 {[%emt 0:00:03]} 21. Nxd4 {[%emt 0:00:01]} exd4 {[%emt 0:00:01]} 22. Bh3+ {[%emt 0:00:03]} Kf7 {[%emt 0:00:03]} 23. Bxe6+ {[%emt 0:00:02]} Kxe6 {[%emt 0:00:00]} 24. Ne2 {[%emt 0:00:00]} c5 {[%emt 0:00:01]} 25. f4 {[%emt 0:00:01]} Bd6 {[%emt 0:00:01]} 26. f5+ {[%emt 0:00:00]} Kf7 {[%emt 0:00:01]} 27. h3 {[%emt 0:00:01]} Be5 {[%emt 0:00:01]} 28. Kd2 {[%emt 0:00:02]} c4 {[%emt 0:00:00]} 29. dxc4 {[%emt 0:00:01]} Nxc4+ {[%emt 0:00:01]} 30. Kd3 {[%emt 0:00:01]} Nxb2+ {[%emt 0:00:01]} 31. Kd2 {[%emt 0:00:02]} Nc4+ {[%emt 0:00:00]} 32. Kd3 {[%emt 0:00:00]} Rxa3+ {[%emt 0:00:01]} 33. Kc2 {[%emt 0:00:01]} Rc8 {[%emt 0:00:01]} 34. Kb1 {[%emt 0:00:02]} Rb3+ {[%emt 0:00:01]} 35. Ka2 {[%emt 0:00:02]} Rb2+ {[%emt 0:00:01]} 36. Ka1 {[%emt 0:00:02]} Ra8# {[%emt 0:00:00] (Lag: Av=0.29s, max=0.4s)} 0-1

[Event "Stay Safe Play From Home 274"]
[Site "Emanuel Lasker Arena"]
[Date "2020.07.03"]
[Round "1"]
[White "Trotsky"]
[Black "Weltszmerc"]
[Result "0-1"]
[WhiteElo "1629"]
[BlackElo "2142"]
[PlyCount "40"]
[EventDate "2020.07.03"]
[EventType "swiss (blitz)"]

1. d4 {[%emt 0:00:02]} Nf6 {[%emt 0:00:00]} 2. e3 {[%emt 0:00:00]} b6 {[%emt 0:00:00]} 3. c4 {[%emt 0:00:01]} Bb7 {[%emt 0:00:00]} 4. Nc3 {[%emt 0:00:01]} e6 {[%emt 0:00:00]} 5. Qc2 {[%emt 0:00:01]} Be7 {[%emt 0:00:01]} 6. f3 {[%emt 0:00:00]} d5 {[%emt 0:00:01]} 7. Bd3 {[%emt 0:00:01]} dxc4 {[%emt 0:00:01]} 8. Bxc4 {[%emt 0:00:01]} c5 {[%emt 0:00:01]} 9. Bd2 {[%emt 0:00:02]} cxd4 {[%emt 0:00:01]} 10. Ne4 {[%emt 0:00:01]} Nxe4 {[%emt 0:00:02]} 11. fxe4 {[%emt 0:00:02]} O-O {[%emt 0:00:01]} 12. Bd3 {[%emt 0:00:01]} Nc6 {[%emt 0:00:03]} 13. a3 {[%emt 0:00:02]} Rc8 {[%emt 0:00:02]} 14. Qb1 {[%emt 0:00:02]} Ne5 {[%emt 0:00:03]} 15. h4 {[%emt 0:00:02]} dxe3 {[%emt 0:00:01]} 16. Bxe3 {[%emt 0:00:02]} Nxd3+ {[%emt 0:00:01]} 17. Ke2 {[%emt 0:00:02]} Bxe4 {[%emt 0:00:00]} 18. Qa2 {[%emt 0:00:08]} Rc2+ {[%emt 0:00:02]} 19. Bd2 {[%emt 0:00:03]} Nf4+ {[%emt 0:00:02]} 20. Ke3 {[%emt 0:00:07]} Qxd2+ {[%emt 0:00:00] Trotsky Ñäàåòñÿ (Lag: Av=0.97s, max=4.7s)} 0-1

[Event "Stay Safe Play From Home 274"]
[Site "Emanuel Lasker Arena"]
[Date "2020.07.03"]
[Round "2"]
[White "Mepe_Nika"]
[Black "Praveen Prasad"]
[Result "0-1"]
[WhiteElo "2376"]
[BlackElo "2222"]
[Annotator "RC"]
[PlyCount "116"]
[EventDate "2020.07.03"]
[EventType "swiss (blitz)"]

1. d4 {[%emt 0:00:00]} d5 {[%emt 0:00:01]} 2. Bf4 {[%emt 0:00:00]} c5 {[%emt 0:00:00]} 3. c3 {[%emt 0:00:01]} cxd4 {[%emt 0:00:00]} 4. cxd4 {[%emt 0:00:00]} Nc6 {[%emt 0:00:00]} 5. Nc3 {[%emt 0:00:00]} a6 {[%emt 0:00:00]} 6. e3 {[%emt 0:00:00]} Nf6 {[%emt 0:00:01]} 7. Nf3 {[%emt 0:00:01]} Ne4 {[%emt 0:00:00]} 8. Bd3 {[%emt 0:00:01]} Nxc3 {[%emt 0:00:02]} 9. bxc3 {[%emt 0:00:00]} e6 {[%emt 0:00:00]} 10. O-O {[%emt 0:00:01]} Bd6 {[%emt 0:00:01]} 11. Bxd6 {[%emt 0:00:01]} Qxd6 {[%emt 0:00:00]} 12. c4 {[%emt 0:00:00]} dxc4 {[%emt 0:00:01]} 13. Bxc4 {[%emt 0:00:00]} O-O {[%emt 0:00:00]} 14. Rc1 {[%emt 0:00:02]} b5 {[%emt 0:00:00]} 15. Bd3 {[%emt 0:00:00]} Bb7 {[%emt 0:00:00]} 16. Bb1 {[%emt 0:00:01]} Rac8 {[%emt 0:00:01]} 17. Qd3 {[%emt 0:00:00]} g6 {[%emt 0:00:00]} 18. h4 {[%emt 0:00:02]} Nb4 {[%emt 0:00:01]} 19. Qe2 {[%emt 0:00:01]} Bxf3 {[%emt 0:00:01]} 20. Qxf3 {[%emt 0:00:00]} Nd5 {[%emt 0:00:01]} 21. h5 {[%emt 0:00:01]} Qa3 {[%emt 0:00:01]} 22. Rxc8 {[%emt 0:00:03]} Rxc8 {[%emt 0:00:01]} 23. hxg6 {[%emt 0:00:00]} hxg6 {[%emt 0:00:01]} 24. e4 {[%emt 0:00:01]} Qxf3 {[%emt 0:00:02]} 25. gxf3 {[%emt 0:00:00]} Nc3 {[%emt 0:00:01]} 26. Kg2 {[%emt 0:00:03]} Ne2 {[%emt 0:00:02]} 27. Rd1 {[%emt 0:00:04]} Rd8 {[%emt 0:00:01]} 28. d5 {[%emt 0:00:01]} exd5 {[%emt 0:00:01]} 29. exd5 {[%emt 0:00:00]} Rxd5 {[%emt 0:00:00]} 30. Re1 {[%emt 0:00:03]} Nf4+ {[%emt 0:00:00]} 31. Kg3 {[%emt 0:00:01]} Nh5+ {[%emt 0:00:01]} 32. Kg2 {[%emt 0:00:00]} Nf6 {[%emt 0:00:00]} 33. Re7 {[%emt 0:00:02]} Kg7 {[%emt 0:00:01]} 34. Be4 {[%emt 0:00:01]} Rg5+ {[%emt 0:00:00]} 35. Kf1 {[%emt 0:00:01]} a5 {[%emt 0:00:00]} 36. Ra7 {[%emt 0:00:01]} a4 {[%emt 0:00:00]} 37. Ke2 {[%emt 0:00:01]} Rc5 {[%emt 0:00:00]} 38. Kd3 {[%emt 0:00:02]} Nxe4 {[%emt 0:00:01]} 39. fxe4 {[%emt 0:00:00]} Kf6 {[%emt 0:00:01]} 40. Ra5 {[%emt 0:00:01]} Ke5 {[%emt 0:00:01]} 41. f3 {[%emt 0:00:01]} f5 {[%emt 0:00:02]} 42. exf5 {[%emt 0:00:02]} gxf5 {[%emt 0:00:00]} 43. a3 {[%emt 0:00:00]} Kf4 {[%emt 0:00:01]} 44. Kd4 {[%emt 0:00:01]} Rc4+ {[%emt 0:00:01]} 45. Kd3 {[%emt 0:00:01]} Rc5 {[%emt 0:00:01]} 46. Kd4 {[%emt 0:00:01]} Re5 {[%emt 0:00:00]} 47. Ra8 {[%emt 0:00:04]} Re3 {[%emt 0:00:01]} 48. Rb8 {[%emt 0:00:04]} Rb3 {[%emt 0:00:02]} 49. Rf8 {[%emt 0:00:02]} Rxa3 {[%emt 0:00:01]} 50. Kc5 {[%emt 0:00:00]} Rb3 {[%emt 0:00:02]} 51. Kd5 {[%emt 0:00:00]} a3 {[%emt 0:00:01]} 52. Ke6 {[%emt 0:00:00]} a2 {[%emt 0:00:01]} 53. Ra8 {[%emt 0:00:01]} Rb2 {[%emt 0:00:01]} 54. Kd5 {[%emt 0:00:00]} b4 {[%emt 0:00:01]} 55. Kc4 {[%emt 0:00:00]} b3 {[%emt 0:00:00]} 56. Ra4 {[%emt 0:00:00]} Rb1 {[%emt 0:00:01]} 57. Kc3+ {[%emt 0:00:00]} Kg3 {[%emt 0:00:01]} 58. Ra5 {[%emt 0:00:00]} a1=Q+ {[%emt 0:00:00] Mepe_Nika resigns (Lag: Av=0.98s, max=1.6s)} 0-1

[Event "Stay Safe Play From Home 274"]
[Site "Emanuel Lasker Arena"]
[Date "2020.07.03"]
[Round "2"]
[White "BrainThinker22"]
[Black "Toosieslide"]
[Result "1-0"]
[WhiteElo "2312"]
[BlackElo "2242"]
[Annotator "NA"]
[PlyCount "67"]
[EventDate "2020.07.03"]
[EventType "swiss (blitz)"]

1. e4 {[%emt 0:00:01]} e5 {[%emt 0:00:01]} 2. Nf3 {[%emt 0:00:01]} Nc6 {[%emt 0:00:00]} 3. d4 {[%emt 0:00:00]} exd4 {[%emt 0:00:00]} 4. Bc4 {[%emt 0:00:00]} Nf6 {[%emt 0:00:01]} 5. e5 {[%emt 0:00:00]} d5 {[%emt 0:00:01]} 6. Bb5 {[%emt 0:00:00]} Nd7 {[%emt 0:00:00]} 7. Bxc6 {[%emt 0:00:01]} bxc6 {[%emt 0:00:00]} 8. Qxd4 {[%emt 0:00:00]} Be7 {[%emt 0:00:02]} 9. O-O {[%emt 0:00:01]} O-O {[%emt 0:00:00]} 10. Re1 {[%emt 0:00:01]} Nb8 {[%emt 0:00:00]} 11. Nc3 {[%emt 0:00:01]} Be6 {[%emt 0:00:01]} 12. Bf4 {[%emt 0:00:01]} c5 {[%emt 0:00:00]} 13. Qa4 {[%emt 0:00:01]} c6 {[%emt 0:00:02]} 14. Rad1 {[%emt 0:00:02]} Qc7 {[%emt 0:00:01]} 15. Bg5 {[%emt 0:00:02]} Bxg5 {[%emt 0:00:03]} 16. Nxg5 {[%emt 0:00:00]} Nd7 {[%emt 0:00:00]} 17. Qh4 {[%emt 0:00:01]} h6 {[%emt 0:00:01]} 18. Nf3 {[%emt 0:00:00]} Rab8 {[%emt 0:00:01]} 19. b3 {[%emt 0:00:01]} Rb4 {[%emt 0:00:01]} 20. Qg3 {[%emt 0:00:03]} c4 {[%emt 0:00:02]} 21. a3 {[%emt 0:00:02]} Rbb8 {[%emt 0:00:01]} 22. b4 {[%emt 0:00:00]} a5 {[%emt 0:00:01]} 23. Rb1 {[%emt 0:00:02]} axb4 {[%emt 0:00:01]} 24. axb4 {[%emt 0:00:00]} Rb7 {[%emt 0:00:00]} 25. Nd4 {[%emt 0:00:00]} Rfb8 {[%emt 0:00:02]} 26. b5 {[%emt 0:00:01]} c5 {[%emt 0:00:01]} 27. Nc6 {[%emt 0:00:01]} Nb6 {[%emt 0:00:02]} 28. Nxb8 {[%emt 0:00:01]} Qxb8 {[%emt 0:00:01]} 29. Ra1 {[%emt 0:00:01]} Ra7 {[%emt 0:00:01]} 30. Rxa7 {[%emt 0:00:01]} Qxa7 {[%emt 0:00:00]} 31. h3 {[%emt 0:00:02]} Qa5 {[%emt 0:00:01]} 32. Rb1 {[%emt 0:00:05]} d4 {[%emt 0:00:06]} 33. Ne4 {[%emt 0:00:01]} Qa3 {[%emt 0:00:01]} 34. Qxa3 {[%emt 0:00:02] Toosieslide resigns (Lag: Av=0.78s, max=1.3s)} 1-0

[Event "Stay Safe Play From Home 274"]
[Site "Emanuel Lasker Arena"]
[Date "2020.07.03"]
[Round "2"]
[White "Lamborghini"]
[Black "Uber_WING"]
[Result "1-0"]
[WhiteElo "2267"]
[BlackElo "2429"]
[PlyCount "41"]
[EventDate "2020.07.03"]
[EventType "swiss (blitz)"]

1. e4 {[%emt 0:00:01]} d5 {[%emt 0:00:00]} 2. exd5 {[%emt 0:00:01]} Qxd5 {[%emt 0:00:00]} 3. Nc3 {[%emt 0:00:01]} Qd6 {[%emt 0:00:00]} 4. d4 {[%emt 0:00:01]} Nf6 {[%emt 0:00:01]} 5. Nf3 {[%emt 0:00:01]} a6 {[%emt 0:00:00]} 6. g3 {[%emt 0:00:01]} Nc6 {[%emt 0:00:00]} 7. Bg2 {[%emt 0:00:01]} Bg4 {[%emt 0:00:00]} 8. O-O {[%emt 0:00:01]} O-O-O {[%emt 0:00:01]} 9. d5 {[%emt 0:00:00]} Ne5 {[%emt 0:00:02]} 10. Bf4 {[%emt 0:00:01]} Nxf3+ {[%emt 0:00:01]} 11. Bxf3 {[%emt 0:00:01]} Bxf3 {[%emt 0:00:00]} 12. Qxf3 {[%emt 0:00:01]} Qb6 {[%emt 0:00:01]} 13. Rfe1 {[%emt 0:00:03]} Qxb2 {[%emt 0:00:01]} 14. Rab1 {[%emt 0:00:01]} Qa3 {[%emt 0:00:01]} 15. d6 {[%emt 0:00:02]} exd6 {[%emt 0:00:08]} 16. Qxb7+ {[%emt 0:00:04]} Kd7 {[%emt 0:00:00]} 17. Re3 {[%emt 0:00:05]} Qc5 {[%emt 0:00:03]} 18. Rd1 {[%emt 0:00:04]} Qc6 {[%emt 0:00:02]} 19. Qb3 {[%emt 0:00:02]} Be7 {[%emt 0:00:02]} 20. Qxf7 {[%emt 0:00:02]} Rhe8 {[%emt 0:00:01]} 21. Qe6# {[%emt 0:00:01] (Lag: Av=0.27s, max=0.4s)} 1-0

[Event "Stay Safe Play From Home 274"]
[Site "Emanuel Lasker Arena"]
[Date "2020.07.03"]
[Round "2"]
[White "SoulofWolf"]
[Black "SecantFX"]
[Result "1-0"]
[WhiteElo "2200"]
[BlackElo "1957"]
[PlyCount "177"]
[EventDate "2020.07.03"]
[EventType "swiss (blitz)"]

1. d4 {[%emt 0:00:00]} b6 {[%emt 0:00:02]} 2. Nf3 {[%emt 0:00:00]} Bb7 {[%emt 0:00:00]} 3. Bg5 {[%emt 0:00:01]} Bxf3 {[%emt 0:00:01]} 4. exf3 {[%emt 0:00:01]} f6 {[%emt 0:00:00]} 5. Bh4 {[%emt 0:00:01]} c6 {[%emt 0:00:00]} 6. Bd3 {[%emt 0:00:00]} e6 {[%emt 0:00:00]} 7. c3 {[%emt 0:00:00]} Ne7 {[%emt 0:00:00]} 8. Qc2 {[%emt 0:00:00]} Ng6 {[%emt 0:00:00]} 9. Bxg6+ {[%emt 0:00:01]} hxg6 {[%emt 0:00:00]} 10. Qxg6+ {[%emt 0:00:00]} Ke7 {[%emt 0:00:00]} 11. Bg3 {[%emt 0:00:01]} Rh6 {[%emt 0:00:01]} 12. Qd3 {[%emt 0:00:01]} d5 {[%emt 0:00:01]} 13. Bf4 {[%emt 0:00:01]} Rh8 {[%emt 0:00:02]} 14. Nd2 {[%emt 0:00:01]} g5 {[%emt 0:00:01]} 15. Bg3 {[%emt 0:00:01]} Bh6 {[%emt 0:00:01]} 16. O-O-O {[%emt 0:00:01]} Nd7 {[%emt 0:00:00]} 17. Kb1 {[%emt 0:00:01]} Nf8 {[%emt 0:00:00]} 18. Rhe1 {[%emt 0:00:01]} Kf7 {[%emt 0:00:00]} 19. Nf1 {[%emt 0:00:02]} Qd7 {[%emt 0:00:01]} 20. Ne3 {[%emt 0:00:00]} Re8 {[%emt 0:00:01]} 21. Ng4 {[%emt 0:00:01]} Bg7 {[%emt 0:00:01]} 22. h3 {[%emt 0:00:01]} Ng6 {[%emt 0:00:02]} 23. Re2 {[%emt 0:00:01]} f5 {[%emt 0:00:01]} 24. Ne5+ {[%emt 0:00:04]} Nxe5 {[%emt 0:00:01]} 25. Bxe5 {[%emt 0:00:00]} Bxe5 {[%emt 0:00:01]} 26. Rxe5 {[%emt 0:00:01]} Re7 {[%emt 0:00:02]} 27. Rde1 {[%emt 0:00:01]} Kf6 {[%emt 0:00:02]} 28. Kc2 {[%emt 0:00:01]} Rhe8 {[%emt 0:00:01]} 29. Qd2 {[%emt 0:00:03]} Rg7 {[%emt 0:00:01]} 30. R1e2 {[%emt 0:00:01]} Qd6 {[%emt 0:00:00]} 31. a3 {[%emt 0:00:01]} c5 {[%emt 0:00:00]} 32. dxc5 {[%emt 0:00:02]} bxc5 {[%emt 0:00:00]} 33. g3 {[%emt 0:00:02]} Rb7 {[%emt 0:00:02]} 34. g4 {[%emt 0:00:02]} f4 {[%emt 0:00:02]} 35. h4 {[%emt 0:00:01]} gxh4 {[%emt 0:00:02]} 36. Rh5 {[%emt 0:00:01]} Reb8 {[%emt 0:00:03]} 37. Kc1 {[%emt 0:00:03]} e5 {[%emt 0:00:02]} 38. Rh6+ {[%emt 0:00:02]} Ke7 {[%emt 0:00:01]} 39. Rxd6 {[%emt 0:00:00]} Kxd6 {[%emt 0:00:00]} 40. Qd3 {[%emt 0:00:02]} Re7 {[%emt 0:00:02]} 41. Qg6+ {[%emt 0:00:01]} Re6 {[%emt 0:00:01]} 42. Qh5 {[%emt 0:00:01]} Rb6 {[%emt 0:00:00]} 43. Qxh4 {[%emt 0:00:01]} d4 {[%emt 0:00:01]} 44. Qg5 {[%emt 0:00:02]} Rc6 {[%emt 0:00:01]} 45. Qf5 {[%emt 0:00:02]} d3 {[%emt 0:00:00]} 46. Qxd3+ {[%emt 0:00:01]} Ke7 {[%emt 0:00:00]} 47. Qe4 {[%emt 0:00:00]} Rcd6 {[%emt 0:00:00]} 48. g5 {[%emt 0:00:00]} Rd5 {[%emt 0:00:01]} 49. g6 {[%emt 0:00:01]} Kd6 {[%emt 0:00:00]} 50. g7 {[%emt 0:00:01]} Re8 {[%emt 0:00:01]} 51. Qh7 {[%emt 0:00:00]} Kc6 {[%emt 0:00:02]} 52. Rc2 {[%emt 0:00:01]} Rg8 {[%emt 0:00:00]} 53. Rd2 {[%emt 0:00:01]} Rxg7 {[%emt 0:00:01]} 54. Qxg7 {[%emt 0:00:01]} Rxd2 {[%emt 0:00:01]} 55. Kxd2 {[%emt 0:00:00]} Kd5 {[%emt 0:00:00]} 56. Qf6 {[%emt 0:00:00]} c4 {[%emt 0:00:01]} 57. Qf5 {[%emt 0:00:00]} Kd6 {[%emt 0:00:01]} 58. Qe4 {[%emt 0:00:00]} Ke6 {[%emt 0:00:01]} 59. b3 {[%emt 0:00:00]} Kf6 {[%emt 0:00:00]} 60. bxc4 {[%emt 0:00:00]} a5 {[%emt 0:00:00]} 61. Kd3 {[%emt 0:00:00]} a4 {[%emt 0:00:00]} 62. c5 {[%emt 0:00:00]} Kg5 {[%emt 0:00:00]} 63. c6 {[%emt 0:00:00]} Kh4 {[%emt 0:00:00]} 64. c7 {[%emt 0:00:00]} Kh3 {[%emt 0:00:00]} 65. c8=Q+ {[%emt 0:00:00]} Kg2 {[%emt 0:00:00]} 66. Qcf5 {[%emt 0:00:00]} Kxf2 {[%emt 0:00:00]} 67. Qfxe5 {[%emt 0:00:00]} Kg2 {[%emt 0:00:00]} 68. Qe6 {[%emt 0:00:00]} Kf2 {[%emt 0:00:00]} 69. Qxf4 {[%emt 0:00:00]} Kg2 {[%emt 0:00:00]} 70. Qff5 {[%emt 0:00:00]} Kf2 {[%emt 0:00:00]} 71. Qef6 {[%emt 0:00:00]} Kf1 {[%emt 0:00:00]} 72. Qf7 {[%emt 0:00:00]} Kf2 {[%emt 0:00:00]} 73. Q5f6 {[%emt 0:00:00]} Kf1 {[%emt 0:00:00]} 74. f4 {[%emt 0:00:00]} Kf2 {[%emt 0:00:00]} 75. f5 {[%emt 0:00:00]} Kf3 {[%emt 0:00:00]} 76. Qg5 {[%emt 0:00:00]} Kf2 {[%emt 0:00:01]} 77. f6 {[%emt 0:00:00]} Kf1 {[%emt 0:00:00]} 78. Qe5 {[%emt 0:00:00]} Kf2 {[%emt 0:00:00]} 79. Kd4 {[%emt 0:00:00]} Kg1 {[%emt 0:00:00]} 80. Qc5 {[%emt 0:00:00]} Kf1 {[%emt 0:00:00]} 81. Qa5 {[%emt 0:00:00]} Kg1 {[%emt 0:00:00]} 82. Qxa4 {[%emt 0:00:00]} Kg2 {[%emt 0:00:00]} 83. Qb5 {[%emt 0:00:00]} Kg1 {[%emt 0:00:01]} 84. Qd3 {[%emt 0:00:00]} Kg2 {[%emt 0:00:00]} 85. Qe4+ {[%emt 0:00:00]} Kh2 {[%emt 0:00:00]} 86. Kd5 {[%emt 0:00:00]} Kg1 {[%emt 0:00:00]} 87. c4 {[%emt 0:00:00]} Kh2 {[%emt 0:00:00]} 88. Qe5+ {[%emt 0:00:00]} Kg1 {[%emt 0:00:00]} 89. c5 {[%emt 0:00:00] Time (Lag: Av=0.38s, max=0.7s)} 1-0

[Event "Stay Safe Play From Home 274"]
[Site "Emanuel Lasker Arena"]
[Date "2020.07.03"]
[Round "2"]
[White "Weltszmerc"]
[Black "Broken sword"]
[Result "0-1"]
[WhiteElo "2144"]
[BlackElo "2422"]
[PlyCount "94"]
[EventDate "2020.07.03"]
[EventType "swiss (blitz)"]

1. d4 {[%emt 0:00:01]} d5 {[%emt 0:00:01]} 2. c4 {[%emt 0:00:00]} c6 {[%emt 0:00:00]} 3. Nf3 {[%emt 0:00:00]} Nf6 {[%emt 0:00:00]} 4. g3 {[%emt 0:00:00]} Bf5 {[%emt 0:00:01]} 5. Qb3 {[%emt 0:00:00]} Qb6 {[%emt 0:00:01]} 6. c5 {[%emt 0:00:00]} Qc7 {[%emt 0:00:00]} 7. Nc3 {[%emt 0:00:01]} Nbd7 {[%emt 0:00:01]} 8. Bg2 {[%emt 0:00:00]} h6 {[%emt 0:00:01]} 9. Bf4 {[%emt 0:00:01]} Qc8 {[%emt 0:00:01]} 10. h3 {[%emt 0:00:00]} e6 {[%emt 0:00:00]} 11. g4 {[%emt 0:00:01]} Bh7 {[%emt 0:00:01]} 12. O-O {[%emt 0:00:01]} Be7 {[%emt 0:00:00]} 13. Qa4 {[%emt 0:00:01]} a6 {[%emt 0:00:02]} 14. b4 {[%emt 0:00:00]} O-O {[%emt 0:00:00]} 15. Qb3 {[%emt 0:00:01]} Bd8 {[%emt 0:00:01]} 16. a4 {[%emt 0:00:01]} Bc7 {[%emt 0:00:00]} 17. Bxc7 {[%emt 0:00:05]} Qxc7 {[%emt 0:00:00]} 18. b5 {[%emt 0:00:00]} axb5 {[%emt 0:00:00]} 19. axb5 {[%emt 0:00:01]} Rfe8 {[%emt 0:00:03]} 20. b6 {[%emt 0:00:01]} Qd8 {[%emt 0:00:00]} 21. Rxa8 {[%emt 0:00:02]} Qxa8 {[%emt 0:00:02]} 22. Qb2 {[%emt 0:00:04]} Qb8 {[%emt 0:00:02]} 23. Nb1 {[%emt 0:00:03]} e5 {[%emt 0:00:00]} 24. Nxe5 {[%emt 0:00:03]} Nxe5 {[%emt 0:00:00]} 25. dxe5 {[%emt 0:00:00]} Rxe5 {[%emt 0:00:00]} 26. e3 {[%emt 0:00:02]} Re8 {[%emt 0:00:02]} 27. Nd2 {[%emt 0:00:01]} Nd7 {[%emt 0:00:01]} 28. Nb3 {[%emt 0:00:01]} Bd3 {[%emt 0:00:02]} 29. Ra1 {[%emt 0:00:03]} Bc4 {[%emt 0:00:01]} 30. Ra7 {[%emt 0:00:06]} Bxb3 {[%emt 0:00:01]} 31. Qxb3 {[%emt 0:00:01]} Nxc5 {[%emt 0:00:00]} 32. Qc3 {[%emt 0:00:02]} Nd7 {[%emt 0:00:01]} 33. Qd4 {[%emt 0:00:01]} Rd8 {[%emt 0:00:03]} 34. h4 {[%emt 0:00:02]} Nf6 {[%emt 0:00:01]} 35. g5 {[%emt 0:00:01]} hxg5 {[%emt 0:00:00]} 36. hxg5 {[%emt 0:00:01]} Nd7 {[%emt 0:00:00]} 37. g6 {[%emt 0:00:01]} fxg6 {[%emt 0:00:00]} 38. Bh3 {[%emt 0:00:01]} Nf8 {[%emt 0:00:00]} 39. Qe5 {[%emt 0:00:04]} Qxe5 {[%emt 0:00:02]} 40. Kg2 {[%emt 0:00:02]} Qg5+ {[%emt 0:00:01]} 41. Kh2 {[%emt 0:00:00]} Qe5+ {[%emt 0:00:01]} 42. Kg2 {[%emt 0:00:01]} Qb8 {[%emt 0:00:01]} 43. f4 {[%emt 0:00:02]} Re8 {[%emt 0:00:01]} 44. Kf3 {[%emt 0:00:00]} Re7 {[%emt 0:00:01]} 45. Bg4 {[%emt 0:00:01]} Qc7 {[%emt 0:00:01]} 46. Rxb7 {[%emt 0:00:01]} Qxb7 {[%emt 0:00:01]} 47. f5 {[%emt 0:00:01]} gxf5 {[%emt 0:00:01]} 0-1

[Event "Stay Safe Play From Home 274"]
[Site "Emanuel Lasker Arena"]
[Date "2020.07.03"]
[Round "2"]
[White "Bardellosport"]
[Black "Greblha"]
[Result "0-1"]
[WhiteElo "1947"]
[BlackElo "1971"]
[PlyCount "41"]
[EventDate "2020.07.03"]
[EventType "swiss (blitz)"]

1. Nf3 {[%emt 0:00:01]} c6 {[%emt 0:00:00]} 2. g3 {[%emt 0:00:00]} d5 {[%emt 0:00:00]} 3. Bg2 {[%emt 0:00:00]} Nf6 {[%emt 0:00:01]} 4. d3 {[%emt 0:00:00]} g6 {[%emt 0:00:00]} 5. Nbd2 {[%emt 0:00:01]} Bg7 {[%emt 0:00:00]} 6. O-O {[%emt 0:00:01]} O-O {[%emt 0:00:00]} 7. Qe1 {[%emt 0:00:01]} Bg4 {[%emt 0:00:01]} 8. e4 {[%emt 0:00:00]} Bxf3 {[%emt 0:00:01]} 9. Bxf3 {[%emt 0:00:01]} dxe4 {[%emt 0:00:00]} 10. Nxe4 {[%emt 0:00:00]} Nxe4 {[%emt 0:00:01]} 11. Bxe4 {[%emt 0:00:00]} e6 {[%emt 0:00:01]} 12. Bg2 {[%emt 0:00:01]} Nd7 {[%emt 0:00:00]} 13. f4 {[%emt 0:00:01]} Qb6+ {[%emt 0:00:02]} 14. Qf2 {[%emt 0:00:01]} Bd4 {[%emt 0:00:04]} 15. c3 {[%emt 0:00:01]} Bxf2+ {[%emt 0:00:01]} 16. Rxf2 {[%emt 0:00:00]} Nf6 {[%emt 0:00:02]} 17. Bd2 {[%emt 0:00:01]} Ng4 {[%emt 0:00:01]} 18. Raf1 {[%emt 0:00:02]} Nxf2 {[%emt 0:00:01]} 19. Rxf2 {[%emt 0:00:00]} Rad8 {[%emt 0:00:02]} 20. Kf1 {[%emt 0:00:00]} Rxd3 {[%emt 0:00:01]} 21. Be1 {[%emt 0:00:01] Bardellosport abbandona (Lag: Av=0.33s, max=0.6s)} 0-1